| 000 | 01696cam a22002895i 4500 | ||
|---|---|---|---|
| 001 | 114209 | ||
| 003 | DR-UNIBE | ||
| 005 | 20251114102833.0 | ||
| 008 | 180130t2018 sp a b 001 0 spa d | ||
| 020 | _a9788408293811 | ||
| 040 |
_aBIBLIOTECA UNIBE _cBIBLIOTECA UNIBE _erda |
||
| 041 |
_aspa _heng |
||
| 082 | 0 | 4 |
_a170.44 P485r _223 |
| 100 | 1 |
_aPeterson, Jordan B., _eautor _9200696 |
|
| 245 | 1 | 0 |
_a12 reglas para vivir : _bun antídoto al caos / _cJordan B. Peterson |
| 264 | 1 |
_aBarcelona : _bEditorial Grupo Planeta, _c2018 |
|
| 300 |
_a510 páginas : _bilustraciones |
||
| 505 | _a 1. Enderézate y mantén los hombros hacia atrás | 2. Trátate a ti mismo como si fueras alguien que depende de ti | 3. Trabaja amistad con aquellas personas que quieran lo mejor para ti | 4. No te compares con otro, compárate con quien eras tú antes | 5. No permitas que tus hijos hagan cosas que detestes | 6. Antes de criticar a alguien, asegúrate de tener tu vida en perfecto orden | 7. Dedica tus esfuerzos a hacer cosas con significado, no aquello que más te convenga | 8. Di la verdad, o por lo menos no mientas | 9. Da por hecho que la persona a la que escuchas puede saber algo que tú no sabes | 10. A la hora de hablar, exprésate con precisión | 11. Deja en paz a los chavales que montan en monopatín | 12. Si te encuentras un gato por la calle, acarícialo | Conclusión | | ||
| 650 | 7 | _aConducta (Ética) | |
| 650 | 7 | _aConducta (Psicología) | |
| 650 | 7 | _aAutoayuda | |
| 650 | 7 |
_aPsicología aplicada _98752 |
|
| 653 | 0 | 0 | _aConducta de vida |
| 653 | 0 | 0 | _aCrecimiento personal |
| 700 |
_aRuiz Herrero, Juan _etraductor _9200702 |
||
| 942 |
_2ddc _cBK |
||
| 999 |
_c114209 _d114209 |
||